DIE WACHSENDE ROLLE DER ARBEITERKLASSE IN DEN SOZIALISTISCHEN LANDER /

Gespeichert in:
Bibliographische Detailangaben
Weitere Verfasser: Amwrosow, Anatoli Alexejewitsch (autor) (autor)
Format: Buch
Schlagworte:
Tags: Tag hinzufügen
Keine Tags, Fügen Sie das erste Tag hinzu!

MARC

LEADER 00000nam^a2200000^a^4500
001 000248703
005 20250521000000.0
009 20260310105701.711
035 |a 072402 
037 |a Acervo Xavier Clavigero 
082 |a 335. 43 WAC 
245 1 4 |a DIE WACHSENDE ROLLE DER ARBEITERKLASSE IN DEN SOZIALISTISCHEN LANDER /  |c ANATOLI ALEXEJEWITSCH AMWROSOW ...[ET AL.] 
264 |a BERLIN :  |b DIETZ,  |c 1974 
300 |a 359 p. 
336 |a texto  |b txt  |2 rdacontenido 
337 |a sin mediación  |b n  |2 rdamedio 
338 |a volumen  |b nc  |2 rdasoporte 
649 |a XX 
650 |a Obreros 
650 |a Proletariado 
650 |a Comunismo 
650 |a Socialismo 
700 |a Amwrosow, Anatoli Alexejewitsch  |e (autor) 
910 |a Fondo General 
920 |a Impresos - Libros 
930 |a Colección General 
905 |a 101 
901 |a 072402  |b IT1  |c ACC  |i 072402  |u 20250521 
902 |a https://opac.biblio.iteso.mx/vufind/Record/000248703